ბათუმის შოთა რუსთაველის სახელმწიფო უნივერსიტეტის ბიბლიოთეკა

პირველი შეხვედრა (ბიბ.ჩანაწერი № 50075)

000 -LEADER
fixed length control field 00738nam a2200217Ia 4500
001 - CONTROL NUMBER
control field 17013
003 - CONTROL NUMBER IDENTIFIER
control field GE_BSU
008 - FIXED-LENGTH DATA ELEMENTS--GENERAL INFORMATION
fixed length control field 181216s||||||||xx |||||||||||||| ||und||
040 ## - CATALOGING SOURCE
Transcribing agency GE_BSU
080 ## - UNIVERSAL DECIMAL CLASSIFICATION NUMBER
Universal Decimal Classification number 82-93:821.161.1-94 + 329.150.1(092ლენინი)(093.3)
100 ## - MAIN ENTRY--PERSONAL NAME
Personal name კრჟიჟანოვსკი, გლ.
245 ## - TITLE STATEMENT
Title პირველი შეხვედრა
245 ## - TITLE STATEMENT
Statement of responsibility, etc. რედ.რ.ინანიშვილი
260 ## - PUBLICATION, DISTRIBUTION, ETC.
Place of publication, distribution, etc. თბილისი
260 ## - PUBLICATION, DISTRIBUTION, ETC.
Name of publisher, distributor, etc. ნაკადული
260 ## - PUBLICATION, DISTRIBUTION, ETC.
Date of publication, distribution, etc. 1965
300 ## - PHYSICAL DESCRIPTION
Extent 31გვ. : ილ. ; 22სმ
653 ## - INDEX TERM--UNCONTROLLED
Uncontrolled term მოგონებები ვ.ი. ლენინზე
653 ## - INDEX TERM--UNCONTROLLED
Uncontrolled term პირველი შეხვედრა
942 ## - ADDED ENTRY ELEMENTS (KOHA)
Koha item type წიგნი
ეგზემპლარები
Withdrawn status Lost status Damaged status Not for loan Date acquired Barcode Date last seen Price effective from Koha item type
        2018-12-17 51352 2018-12-17 2018-12-17 წიგნი
        2018-12-17 51353 2018-12-17 2018-12-17 წიგნი